Merriam-Webster's school dictionary. (Record no. 295557)
[ view plain ]
| 000 -LEADER | |
|---|---|
| fixed length control field | 01585cam a2200361 a 4500 |
| 001 - CONTROL NUMBER | |
| control field | 18800400 |
| 003 - CONTROL NUMBER IDENTIFIER | |
| control field | PILC |
| 005 - DATE AND TIME OF LATEST TRANSACTION | |
| control field | 20160601100514.0 |
| 008 - FIXED-LENGTH DATA ELEMENTS--GENERAL INFORMATION | |
| fixed length control field | 150930s2015 maua j d 000 0 eng d |
| 010 ## - LIBRARY OF CONGRESS CONTROL NUMBER | |
| LC control number | 2014397296 |
| 015 ## - NATIONAL BIBLIOGRAPHY NUMBER | |
| National bibliography number | GBB4E4310 |
| Source | bnb |
| 016 7# - NATIONAL BIBLIOGRAPHIC AGENCY CONTROL NUMBER | |
| Record control number | 016973636 |
| Source | Uk |
| 020 ## - INTERNATIONAL STANDARD BOOK NUMBER | |
| International Standard Book Number | 9780877796800 (hbk.) |
| 020 ## - INTERNATIONAL STANDARD BOOK NUMBER | |
| International Standard Book Number | 0877796807 (hbk.) |
| 035 ## - SYSTEM CONTROL NUMBER | |
| System control number | (OCoLC)ocn898153780 |
| 040 ## - CATALOGING SOURCE | |
| Original cataloging agency | UKMGB |
| Language of cataloging | eng |
| Transcribing agency | UKMGB |
| Modifying agency | OCLCO |
| -- | OCLCF |
| -- | BDX |
| -- | CGP |
| -- | CLE |
| -- | YDXCP |
| -- | DLC |
| 042 ## - AUTHENTICATION CODE | |
| Authentication code | lccopycat |
| 050 00 - LIBRARY OF CONGRESS CALL NUMBER | |
| Classification number | PE 1628.5 |
| Item number | .M47 2015 |
| 082 04 - DEWEY DECIMAL CLASSIFICATION NUMBER | |
| Classification number | 423 |
| 245 00 - TITLE STATEMENT | |
| Title | Merriam-Webster's school dictionary. |
| 246 30 - VARYING FORM OF TITLE | |
| Title proper/short title | School dictionary |
| 250 ## - EDITION STATEMENT | |
| Edition statement | Revised & updated edtion. |
| 260 ## - PUBLICATION, DISTRIBUTION, ETC. (IMPRINT) | |
| Place of publication, distribution, etc | USA : |
| Name of publisher, distributor, etc | Merriam-Webster, Incorporated, |
| Date of publication, distribution, etc | 2004. |
| 300 ## - PHYSICAL DESCRIPTION | |
| Extent | 22a, 1251 pages : |
| Other physical details | illustrations ; |
| Dimensions | 25 cm |
| 500 ## - GENERAL NOTE | |
| General note | "For students age 14 & up, grades 9-11"--Page 4 of cover. |
| 505 0# - FORMATTED CONTENTS NOTE | |
| Formatted contents note | Using the dictionary -- Abbreviations used in this dictionary -- Pronunciation symbols -- A dictionary of the English language -- Abbreviations and symbols for chemical elements -- Biographical, biblical, and mythologoical names -- Geographical names -- Signs and symbols -- A handbook of style. |
| 520 ## - SUMMARY, ETC. | |
| Summary, etc | A study aid for students, this dictionary provides up-to-date content, word guidance, and comprehensive coverage of meanings, spellings, and pronunciations. |
| 650 #0 - SUBJECT ADDED ENTRY--TOPICAL TERM | |
| Topical term or geographic name as entry element | English language |
| Form subdivision | Dictionaries, Juvenile. |
| 710 2# - ADDED ENTRY--CORPORATE NAME | |
| Corporate name or jurisdiction name as entry element | Merriam-Webster, Inc. |
| 906 ## - LOCAL DATA ELEMENT F, LDF (RLIN) | |
| a | 7 |
| b | cbc |
| c | copycat |
| d | 2 |
| e | ncip |
| f | 20 |
| g | y-gencatlg |
| 942 ## - ADDED ENTRY ELEMENTS (KOHA) | |
| Source of classification or shelving scheme | Library of Congress Classification |
| Koha item type | Books |
| Withdrawn status | Lost status | Source of classification or shelving scheme | Damaged status | Home library | Current library | Shelving location | Date acquired | Source of acquisition | Cost, normal purchase price | Sub Shelving location | Total Checkouts | Full call number | Barcode | Date last seen | Price effective from | Koha item type |
|---|---|---|---|---|---|---|---|---|---|---|---|---|---|---|---|---|
| Library of Congress Classification | College Library | College Library | Reference Section | 06/01/2016 | Library Fund | 959.00 | PE 1628.5 .M47 2015 | C20555 | 05/15/2018 | 06/01/2016 | Books |